Pozícia a výkony odvetví obchodu v SR a krajinách V4 z makro - pohľadu

Rast odvetví obchodu a zmena ich váhy v ekonomikách. Produktivita v odvetviach obchodu. Rast kapitálovej vybavenosti obchodu: v SR bola zmena najvýraznejšia.

Salvato in:
Dettagli Bibliografici
Autore principale: Morvay, Karol, 1973-
Natura: Capitolo di libro
Lingua:slovacco
Soggetti:
Tags: Aggiungi Tag
Nessun Tag, puoi essere il primo ad aggiungerne!!

MARC

LEADER 00000nla a2200000 4500
001 0235189
005 20240502073816.6
041 0 |a slo 
044 |a SK 
245 1 0 |a Pozícia a výkony odvetví obchodu v SR a krajinách V4 z makro - pohľadu  |c Karol Morvay 
520 |a Rast odvetví obchodu a zmena ich váhy v ekonomikách. Produktivita v odvetviach obchodu. Rast kapitálovej vybavenosti obchodu: v SR bola zmena najvýraznejšia. 
610 2 0 |a Slovensko 
610 2 0 |a výkonnosť ekonomiky 
610 2 0 |a obchod 
610 2 0 |a Vyšehradská štvorka 
610 2 0 |a ukazovatele makroekonomické 
100 1 |a Morvay, Karol, 1973-